000 00781nam a2200241Ia 4500
003 OSt
005 20220923221531.0
006 a|||||r|||| 00| 0
007 ta
008 220922b |||||||| |||| 00| 0 hin d
024 _a197,934
037 _cTextual
040 _aARTS
_cARTS
_bhin
041 _2hin
_ahin
082 _aY:351.237, 152J4
100 _aमैनारिया, पुरूषोत्तम लाल
_9162296
245 0 _aराजस्थानी लोकगीत
246 _aRājasthānī lokagīta
260 _c1967
650 _aभारतीय-लोक साहित्य
942 _hY:351.237, 152J4
_cTEXL
_2CC
999 _c349804
_d349804